LEADER 00622nam a2200169 i 4500 001 000000243014 003 CaOOAMICUS 005 20150622000000.0 008 150622s1835 it u000 u ita u 013 $a221919 040 $aSeMil$bita 245 10$aParte 6. 300 $a500, XLIV p. 773 0 $aPuente, Luis : de la $tMeditazioni del venerabile padre Ludovico Da Ponte della Compagnia di Gesł.$dTorino : Giacinto Marietti, 1835.$g6$w()32080 850 $aSeMil 852 $aSeMil$W1$xVenegono$y1$m3F II 349 FA$j193360$B193360$CSeMilBibl$Z2$F204149 $8I 996 $6245$aParte 6$9(OLS)http://semarc/title/186754 LEADER 01400nam a2200313 i 4500 001 000000041055 003 CaOOAMICUS 005 20181115165126.0 008 080725s1992 it u000 u ita u 013 $a12225 020 $a88-15-03737-3 040 $aSeMil$bita 100 1 $aBlumenberg, Hans <1920-1996>.$0(OLS)http://semarc/name/20152 240 10$aMatthäuspassion.$0(OLS)http://semarc/title/59258 245 10$aPassione secondo Matteo /$cHans Blumenberg ; [traduz. e ed. italiana a cura di Carlo Gentilini]. 260 $aBologna :$bIl Mulino,$c1992. 300 $a294 p. ;$c22 cm. 490 0 $aLe occasioni [Il Mulino] ;$v50 650 4$aBibbia. Nuovo Testamento. Vangelo secondo Matteo - Commentari, studi, critica, interpretazioni.$0(OLS)http://semarc/subject/32 650 4$aBibbia - NT - Matteo - Passione di Gesł Cristo.$0(OLS)http://semarc/subject/8675 700 1 $aGentilini, Carlo.$0(OLS)http://semarc/name/20153 830 3$aLe occasioni ;$v50.$0(OLS)http://semarc/title/419915 850 $aSeMil 852 $aSeMil$W1$xVenegono$y1$m2V III 7$j269295$B7210$CSeMilBibl$Z2$F7210 $81 961 $aAcquisto: Casa editrice 996 $6020$a88-15-03737-3$9(OLS)http://semarc/number/11622 996 $6245$aPassione secondo Matteo$9(OLS)http://semarc/title/59257 996 $6260$aBologna :$bIl Mulino$9(OLS)http://semarc/publisher/29842